000 00518nam a2200193Ia 4500
008 140626s9999 xx 000 0 und d
100 _aGutierrez, Jose III.
245 _aFor the youth :
_b pursuing sustainability in Filipino Indie filmmaking /
_c Jose III.Gutierrez
260 _cc2011.
300 _a8 : 2, page 53
440 _aPlaridel
521 _aMC
650 _aFilipino youth.
650 _aFilmmaking.
650 _aIndependent film.
650 _aMedia.
650 _aStability.
942 _cSE
999 _c121245
_d121245